Consejos para afrontar el frío : servicio local de teleasistencia servicio local de teleasistencia
Descripción Física:
1 díptic ; il. col. ; 10 x 21 cm.
Materias:
Temperatures baixes -- Aspectes sanitaris
; Salut pública
; Persones grans -- Aspectes sanitaris
; Persones grans -- Atenció domiciliària -- Barcelona (Catalunya : Província)
Idioma:
Catalán , Español
MARC
| LEADER | 00000nam a22000007a 4500 | ||
|---|---|---|---|
| 001 | 27484 | ||
| 003 | Arxiu | ||
| 005 | 20260324181155.0 | ||
| 008 | 230307b spa||||| |||| 00| 0 cat d | ||
| 017 | |a B 19565-2021 | ||
| 040 | |a agdb |b cat | ||
| 041 | |a spa | ||
| 110 | 1 | |a Barcelona (Catalunya : Província). |b Gerència de Serveis de Benestar Social |9 52907 | |
| 245 | |a Consejos para afrontar el frío : |b servicio local de teleasistencia | ||
| 260 | |a Barcelona : |b Diputació de Barcelona. Gerència de Serveis de Benestar Social ; |c 2021 | ||
| 300 | |a 1 díptic ; |b il. col. ; |c 10 x 21 cm. | ||
| 650 | 0 | |9 55911 |a Temperatures baixes |x Aspectes sanitaris | |
| 650 | 0 | |9 37111 |a Salut pública | |
| 650 | 0 | |9 55910 |a Persones grans |x Aspectes sanitaris | |
| 650 | 0 | |a Persones grans |x Atenció domiciliària |z Barcelona (Catalunya : Província) | |
| 710 | |a Barcelona (Catalunya : Província). |b Àrea d'Igualtat i Sostenibilitat Social |9 55833 | ||
| 942 | |2 udc |c ARXIU |n 1 | ||
| 952 | |0 0 |1 0 |2 udc |4 0 |6 FU74121 |7 1 |9 65507 |a Arxiu |b Arxiu |d 2023-03-07 |l 0 |o FU-74-121 |p 27484 |r 2023-03-07 00:00:00 |w 2023-03-07 |y ARXIU | ||
| 999 | |c 83159 |d 83159 | ||